MARC details
| 000 -LEADER |
| fixed length control field |
00861cam a2200217 4500 |
| 001 - CONTROL NUMBER |
| control field |
WS108241 |
| 008 - FIXED-LENGTH DATA ELEMENTS--GENERAL INFORMATION |
| fixed length control field |
000000n 000 0 eng u |
| 035 ## - SYSTEM CONTROL NUMBER |
| System control number |
(Sirsi) u108241 |
| 245 ## - TITLE STATEMENT |
| Title |
Country Life Online |
| 520 ## - SUMMARY, ETC. |
| Summary, etc. |
Web pages for this magazine including an art and antiques directory which allows you to browse items that have been advertised in the magazine and to look up contact details of over 2,000 art and antique dealers in the UK. It also has a searchable database of properties for sale. |
| 650 ## - SUBJECT ADDED ENTRY--TOPICAL TERM |
| Topical term or geographic name entry element |
Auctioneering |
| 9 (RLIN) |
6218 |
| 650 0# - SUBJECT ADDED ENTRY--TOPICAL TERM |
| Topical term or geographic name entry element |
FINE ARTS AND ANTIQUES |
| 650 ## - SUBJECT ADDED ENTRY--TOPICAL TERM |
| Topical term or geographic name entry element |
FARMING |
| 650 ## - SUBJECT ADDED ENTRY--TOPICAL TERM |
| Topical term or geographic name entry element |
RURAL ECONOMY |
| 650 0# - SUBJECT ADDED ENTRY--TOPICAL TERM |
| Topical term or geographic name entry element |
RIGHT TO ROAM |
| 650 ## - SUBJECT ADDED ENTRY--TOPICAL TERM |
| Topical term or geographic name entry element |
HUNTING |
| 650 0# - SUBJECT ADDED ENTRY--TOPICAL TERM |
| Topical term or geographic name entry element |
DISCUSSION LISTS |
| 690 ## - LOCAL SUBJECT ADDED ENTRY--TOPICAL TERM (OCLC, RLIN) |
| Topical term or geographic name as entry element |
RURAL |
| 9 (RLIN) |
6268 |
| 856 40 - ELECTRONIC LOCATION AND ACCESS |
| Uniform Resource Identifier |
<a href="https://www.countrylife.co.uk">https://www.countrylife.co.uk</a> |
| Public note |
View the website free of charge at www.countrylife.co.uk... |
| 942 ## - ADDED ENTRY ELEMENTS (KOHA) |
| Suppress in OPAC |
0 |